00743cam a2200205 a 450000100100000000500170001000800410002701000130006804000230008108200190010410000450012324500570016826000390022530000290026465000300029365000430032391000340036695201220040099900150052200000615820200929151944.0890626s1986 ck a 000 p spa  a89817057 aDO-SdBNPcDLCdDLC aC861.44bM828e1 aMorales Aguilar, Álvaro.d1939-91729010aEste pedazo de acordeón /cAlvaro Morales Aguilar. aBogotá :bs.n.,c1986.eBogota : a57 p. ; :bil. ;c23 cm. 4aPoesía colombiana93742 4aLiteratura colombianaySIGLO XX914409 aCatalogación por copia / LC 001052708MOaGRbGRcCTd2009-08-26iLF1l0oC861.44 M828ep6158-10r2020-06-25w2020-06-25y2ZPréstamo interno c5954d5954